000 00627nab a2200193 4500
001 244442
003 OSt
005 20260126144502.0
007 tu
008 260126s2020|||||||
040 _aDE-2950
_cDE-2950
245 0 0 _aLeopold von Rankes Frankfurter Jahre
_bSammelband. Ein aktuelles Buch widmet sich erstmals ausführlich der Zeit des Historikers in Frankfurt zwischen 1818 und 1825/
_cloo
264 _c2025
653 _aFrankfurt (Oder)
653 _aBuchrezension
653 _aLeopold von Ranke
773 0 _g37. Jahrgang (2026) Nr. 20 vom 24.01.2026 , S. 18 mit Foto
_tMärkische Oderzeitung
942 _2z
_cA
999 _c374226
_d374226